000 00584nam a2200181 i 4500
001 51737
003 ES-MaACL
005 20240510063040.0
007 t|
008 030818s1935 it ||||1| ita d
100 1 _aD'Annunzio, Gabriele,
_d1863-1938
_942351
245 1 0 _aCento e cento e cento e cento pagine del libro segreto di Gabriele D'Annunzio /
_cAngelo Cocles.
260 _aVerona :
_b[s.n.],
_c1935 (
_fStamperia di Arnoldo Mondadori)
300 _a446 p. ;
_c21 cm.
700 1 _aCocles, Angelo.
_939406
852 _aES-MaACL
_jA-4324
999 _c51737
_d51737